000 00611nam a2200229Ia 4500
003 OSt
005 20221006165117.0
006 a|||||r|||| 00| 0
007 ta
008 221006b |||||||| |||| 00| 0 hin d
024 _a5,072
037 _cTextual
040 _aFML
_cFML
_bhin
041 _2hin
_ahin
082 _aNR44, 414, K2
100 _aTailang Gokulanand Au.
_9679115
245 0 _aSangeet Astchaap
260 _aHathras
_bSangeet Karyalaya India
_c1962
300 _a236
_ccm.
942 _hNR44, 414, K2
_cTEXL
_2CC
999 _c1119631
_d1119631